000 00296nam a2200121Ia 4500
999 _c6785
_d6785
008 191201s2012 xx 000 0 und d
100 _aSHAKESPEARE, William
245 0 _aTempest
260 _bKALYANI NAVYOG MEDIA PVT LTD
_c2012
300 _a93
650 _aGeneral Books
942 _2ddc
_cBK
_02